000
00232nam a22000977a 4500
999
_c
522512
_d
522512
082
_a
TNC
100
_a
Kumar, Satish
_9
37698
245
_a
The United Nations at 50 :
_b
An Indian view
260
_a
New Delhi
_b
UBS
_c
1995
300
_a
257p.